Humanismo para el siglo XXI : propuestas para el Congreso Internacional "Humanismo para el siglo XXI /

Bibliographic Details
Corporate Authors: Congreso Internacional "Humanismo para el siglo XXI" Bilbao, Spain, Universidad de Deusto
Other Authors: Amigo Fdez. de Arroyabe, Ma. Luisa (María Luisa Amigo Fernández de Arroyabe)
Format: Electronic Conference Proceeding eBook
Language:Spanish
Published: Bilbao : Universidad de Deusto, 2003.
Series:Serie Filosofía (Universidad de Deusto) ; v. 31.
Subjects:
Online Access:Digitalia Hispánica

MARC

LEADER 00000nam a2200000Ii 4500
001 DIGDEU1331
003 NyNyDIG
006 m o d
007 cr |||||||||||
008 130501s2003 sp ob 101 0 spa d
020 |a 9788498308174   |q (eBook) 
020 |z 9788474858648 
020 |z 847485864X 
035 |a (OCoLC)853443247 
040 |a DGITA  |b eng  |e pn  |c DGITA 
050 1 4 |a B821 eBook 
111 2 |a Congreso Internacional "Humanismo para el siglo XXI"  |d (2003 :  |c Bilbao, Spain) 
245 1 0 |a Humanismo para el siglo XXI :  |b propuestas para el Congreso Internacional "Humanismo para el siglo XXI /  |c Ma. Luisa Amigo Fernandez de Arroyabe, editora. 
264 1 |a Bilbao :  |b Universidad de Deusto,  |c 2003. 
300 |a 1 online resource (500 pages)  
336 |a text  |b txt  |2 rdacontent 
337 |a computer  |b c  |2 rdamedia 
338 |a online resource  |b cr  |2 rdacarrier 
490 1 |a Serie Filosofía ;  |v vol. 31 
500 |a The congress was organized by the Universidad de Deusto. 
504 |a Includes bibliographical references and index. 
650 0 |a Humanism  |y 21st century  |v Congresses. 
650 0 |a Globalization  |x Moral and ethical aspects  |v Congresses. 
650 0 |a Multiculturalism  |x Moral and ethical aspects. 
650 0 |a Religion  |v Congresses. 
655 0 |a Electronic books. 
700 1 |a Amigo Fdez. de Arroyabe, Ma. Luisa  |q (María Luisa Amigo Fernández de Arroyabe) 
710 2 |a Universidad de Deusto. 
791 2 |a Digitalia (Firm),  |e distributor. 
830 0 |a Serie Filosofía (Universidad de Deusto) ;  |v v. 31. 
793 0 |g Digitalia eBook Collection:  |a Universidad de Deusto. 
856 4 0 |3 Digitalia Hispánica  |u https://www.digitaliapublishing.com/a/17518/ 
910 |a Premium Collection: 2007-2012